<?xml version="1.0" encoding="UTF-8"?>
<record
    xmlns:xsi="http://www.w3.org/2001/XMLSchema-instance"
    xsi:schemaLocation="http://www.loc.gov/MARC21/slim http://www.loc.gov/standards/marcxml/schema/MARC21slim.xsd"
    xmlns="http://www.loc.gov/MARC21/slim">

  <leader>03208nab a2200421 i 4500</leader>
  <controlfield tag="001">123773</controlfield>
  <controlfield tag="003">FINmELB</controlfield>
  <controlfield tag="005">20241217175538.0</controlfield>
  <controlfield tag="006">m     o  u        </controlfield>
  <controlfield tag="007">cr cn|||||||||</controlfield>
  <controlfield tag="008">230522c20109999cl fr p  o    0    0spa d</controlfield>
  <datafield tag="022" ind1=" " ind2=" ">
    <subfield code="a">0717-3512</subfield>
  </datafield>
  <datafield tag="035" ind1=" " ind2=" ">
    <subfield code="a">(OCoLC)1379806396</subfield>
  </datafield>
  <datafield tag="040" ind1=" " ind2=" ">
    <subfield code="a">FINmELB</subfield>
    <subfield code="b">spa</subfield>
    <subfield code="e">rda</subfield>
    <subfield code="c">FINmELB</subfield>
  </datafield>
  <datafield tag="050" ind1=" " ind2="4">
    <subfield code="a">H62.A1</subfield>
    <subfield code="b">R656 2010</subfield>
  </datafield>
  <datafield tag="080" ind1=" " ind2=" ">
    <subfield code="a">303</subfield>
  </datafield>
  <datafield tag="082" ind1="0" ind2="4">
    <subfield code="a">301</subfield>
    <subfield code="2">23</subfield>
  </datafield>
  <datafield tag="100" ind1="1" ind2=" ">
    <subfield code="a">Rojo Mendoza, F&#xE9;lix,</subfield>
    <subfield code="e">autor.</subfield>
  </datafield>
  <datafield tag="245" ind1="1" ind2="0">
    <subfield code="a">Imaginarios sociales urbanos vinculados a barrios cerrados en el Gran Concepci&#xF3;n, Chile =</subfield>
    <subfield code="b">Urban social imaginary linked to gated communities in the Great Concepci&#xF3;n, Chile /</subfield>
    <subfield code="c">F&#xE9;lix Rojo Mendoza, Guillermo Henr&#xED;quez Aste.</subfield>
  </datafield>
  <datafield tag="264" ind1=" " ind2="1">
    <subfield code="a">Concepci&#xF3;n :</subfield>
    <subfield code="b">Universidad de Concepci&#xF3;n. Departamento de Sociolog&#xED;a,</subfield>
    <subfield code="c">2010.</subfield>
  </datafield>
  <datafield tag="310" ind1=" " ind2=" ">
    <subfield code="a">Semestral</subfield>
  </datafield>
  <datafield tag="336" ind1=" " ind2=" ">
    <subfield code="a">texto</subfield>
    <subfield code="b">txt</subfield>
    <subfield code="2">rdacontent/spa</subfield>
  </datafield>
  <datafield tag="337" ind1=" " ind2=" ">
    <subfield code="a">computadora</subfield>
    <subfield code="b">c</subfield>
    <subfield code="2">rdamedia/spa</subfield>
  </datafield>
  <datafield tag="338" ind1=" " ind2=" ">
    <subfield code="a">recurso en l&#xED;nea</subfield>
    <subfield code="b">cr</subfield>
    <subfield code="2">rdacarrier/spa</subfield>
  </datafield>
  <datafield tag="520" ind1=" " ind2=" ">
    <subfield code="a">Los barrios cerrados esta'n configurando procesos de cambios en las ciudades actuales, los cuales no solo repercuten en la espacialidad material de los espacios urbanos, sino ademas en los universos simb&#xF3;licos de las personas que lo habitant En este sentido, y a partir de un trabajo cualitativo en base a la Teoria Fundamentada, fue posible realizar la observacion de los lmaginarios Sociales Ur&#xBB; banos vinculados a la identidad barrial y a las relaciones sociales presentes en dos barrios cerrados del Gran Concepci&#xF3;n (Chile): Lomas de Bellavistay Condominios Aitu&#xE9;. Dentro de las semejanzas encontradas destacan la constitucion de espacios ligados a servicios como iconos de reconocimiento externo de los barrios, que transforman a espacios como supermercados o colegios en lugares con una carga identitariai Por otro lado, el temor al "Botro" ajeno, pero cercano, se transforma en uno de los principales ejes de los imaginarios identitarios, representando estos espacios una especie de refugio en torno a la ciudad abierta Finalmente, y en terminos de los imaginarios vinculados a las relaciones sociales en estos barrios, las propiedades semejantes vinculan a estas modalidades residen&#xBB; ciales con espacios de simples verimlaa'zs, en donde los vinculos sociales con el "Botro&#x201D; interno esta'n caracterizados por un nivel b&#xE1;sico de encuentros espor&#xE1;dicas y Fortuitos.</subfield>
  </datafield>
  <datafield tag="580" ind1=" " ind2=" ">
    <subfield code="a">Descripci&#xF3;n basada en Sociedad hoy, n. 18 (1er Sem. 2010), P. 65-83.</subfield>
  </datafield>
  <datafield tag="588" ind1=" " ind2=" ">
    <subfield code="a">Descripci&#xF3;n basada en metadatos suministrados por el editor y otras fuentes.</subfield>
  </datafield>
  <datafield tag="590" ind1=" " ind2=" ">
    <subfield code="a">Recurso electr&#xF3;nico. Santa Fe, Arg.: elibro, 2023. Disponible v&#xED;a World Wide Web. El acceso puede estar limitado para las bibliotecas afiliadas a elibro.</subfield>
  </datafield>
  <datafield tag="650" ind1=" " ind2="4">
    <subfield code="a">Barrios cerrados.</subfield>
  </datafield>
  <datafield tag="650" ind1=" " ind2="4">
    <subfield code="a">Identidad.</subfield>
  </datafield>
  <datafield tag="650" ind1=" " ind2="4">
    <subfield code="a">Imaginarios sociales urbanos.</subfield>
  </datafield>
  <datafield tag="650" ind1=" " ind2="4">
    <subfield code="a">Relaciones sociales.</subfield>
  </datafield>
  <datafield tag="655" ind1=" " ind2="4">
    <subfield code="a">Art&#xED;culos electr&#xF3;nicos.</subfield>
  </datafield>
  <datafield tag="700" ind1="1" ind2=" ">
    <subfield code="a">Henr&#xED;quez Aste, Guillermo,</subfield>
    <subfield code="e">autor.</subfield>
  </datafield>
  <datafield tag="773" ind1="1" ind2=" ">
    <subfield code="t">Sociedad hoy.</subfield>
    <subfield code="x">ISSN0717-3512</subfield>
    <subfield code="d">Concepci&#xF3;n : Universidad de Concepci&#xF3;n. Departamento de Sociolog&#xED;a.</subfield>
    <subfield code="g">n. 18 (1er Sem. 2010), p. 65-83</subfield>
  </datafield>
  <datafield tag="797" ind1="2" ind2=" ">
    <subfield code="a">elibro, Corp.</subfield>
  </datafield>
  <datafield tag="856" ind1="4" ind2="0">
    <subfield code="u">https://elibro.net/ereader/politecnicointernacional/11153</subfield>
  </datafield>
  <datafield tag="999" ind1=" " ind2=" ">
    <subfield code="c">123773</subfield>
    <subfield code="d">123773</subfield>
  </datafield>
</record>
